Truyện ngắn Nhật Bản hiện đại

محفوظ في:
التفاصيل البيبلوغرافية
المؤلف الرئيسي: Thái Hà (Tuyển chọn và hiệu đính)
التنسيق: كتاب
منشور في: H. Tác phẩm mới 1985
الموضوعات:
الوسوم: إضافة وسم
لا توجد وسوم, كن أول من يضع وسما على هذه التسجيلة!
Thư viện lưu trữ: Trung tâm Học liệu Lê Vũ Hùng, Trường Đại học Đồng Tháp
LEADER 00766pam a22002178a 4500
001 00021107
005 20171026081022.0
008 110522s1985 ||||||Viesd
041 0 # |a Vie 
082 1 # |a 895.6  |b TR527N 
100 0 # |e Tuyển chọn và hiệu đính  |a Thái Hà 
245 0 0 |a Truyện ngắn Nhật Bản hiện đại  |c Thái Hà 
260 # # |b Tác phẩm mới  |c 1985  |a H. 
300 # # |a 364 tr.  |c 19 cm. 
650 # 7 |2 Văn học hiện đại  |a Nhật Bản 
653 # # |a Truyện ngắn 
852 # # |b Kho mượn  |j KM.0010179 
852 # # |b Kho đọc  |j KD.0006449 
852 # # |j KD.0006449  |j KM.0010179 
910 # # |a Hoa Lê  |d 22/05/2011 
980 # # |a Trung tâm Học liệu Lê Vũ Hùng, Trường Đại học Đồng Tháp